Responses for show #4625 - Friday, October 15, 2004

Ken Jennings game 58.

Contestants

[<< previous game]

José Ruiz Jr., a high school teacher from Silver Spring, Maryland

Josh Rosenfeld, a graduate student from Torrance, California

Ken Jennings, a software engineer from Salt Lake City, Utah (whose 57-day cash winnings total $1,936,300)

[next game >>]

Jeopardy! Round responses

ORGANIZED RELIGION
(Alex: We'll give you the organization, you tell us the religion associated with it.)
ACTRESSES
LICENSE PLATE SLOGANS
OCEANIA
RANCH DRESSING
"D" FACTO
    $200 1
Judaism

Josh
    $200 2
(José: Who is Tatum O'Neal?)
(Ken: Who is Jodie Foster?)
...
(Alex: 7 years old, hosting the show.)

Drew Barrymore

KenJosé
Triple Stumper
    $200 3
Oklahoma

Ken
    $200 21
Samoa

Ken
    $200 26
spurs

Ken
    $200 14
diamonds

Ken
    $400 8
Catholicism

José
    $400 4
Penelope Cruz

Ken
    $400 9
New York

Ken
    $400 22
JFK

Ken
    $400 27
boots

Ken
    $400 17
(José: Who is Dean Martin?)

Sammy Davis, Jr.

KenJosé
    $600 13
Islam

José
    $600 5
Kate Beckinsale

Ken
    $600 10
(Ken: What is Nebraska?)

Kansas

Ken
Triple Stumper
    $600 23
(Paul) Gauguin

Ken
    $600 28
a bandana

Ken
    $600 18
De Gaulle

Josh
    $800 15
(Josh: What is Hindu?)

Buddhism

KenJosh
    $800 6
(Alex: Yes, [*], who died a few months ago.)

Fay Wray

Ken
    $800 11
(Alex: Yes, "[*] of Dixie".)

the heart

Josh
    $3,000 24
Pitcairn Island

Ken
    $800 29
chaps

José
    $800 19
Dealey Plaza

Ken
    $1000 16
Hinduism

Ken
    $1000 7
(Josh: Who is Kate Hepburn?)

Ruth Gordon

KenJosh
    $1000 12
(Ken: What is "Paradise"?)
(Josh: What is "Destination"?)

"Wonderland"

KenJosh
Triple Stumper
    $1000 25
(Josh: What is New Guinea?)

Papua New Guinea

KenJosh
    $1000 30
a bolo tie

Josh
    $1000 20
the Delaware River

José

Scores at the first commercial break (after clue 14):

Ken Josh José
$1,800 -$1,000 $800

Scores at the end of the Jeopardy! Round:

Ken Josh José
$11,200 -$1,200 $2,200

Double Jeopardy! Round responses

THE ITALIAN RENAISSANCE
MUSIC IN "C"
LITERARY ANALYSIS
SWEET SIXTEEN
STOP IT, YOU'RE KILLING ME!
(Alex: You have to name the victim.)
VICE PRESIDENTIAL RHYME TIME
    $400 26
banks

Ken
    $400 16
Ray Charles

Josh
    $400 11
Hannibal Lecter

Ken
    $400 1
income taxes

Josh
    $400 21
Julius Caesar

José
    $400 6
Walter's altars

Josh
    $800 27
Istanbul (or Constantinople)

Josh
    $800 17
Kurt Cobain

Ken
    $800 12
Lady Macbeth

Ken
    $800 2
Saturn

Ken
    $800 22
Archduke Franz Ferdinand

Josh
    $800 7
Gore's doors

Josh
    $1200 28
Machiavelli

Ken
    $1200 18
"Come Together"

Triple Stumper
    $1200 13
McMurphy

Ken
    $1200 3
Bourbon

Ken
    $3,000 23
(Alex: Yes! ...Took everything but a pickup truck to get rid of him!)

Rasputin

Josh
    $1200 8
Burr's curs

Ken
    $1600 29
the silk trade

Ken
    $1600 19
"Cradle Of Love"

Triple Stumper
    $1600 14
(Col.) Kurtz (Mr. Kurtz accepted)

Ken
    $1600 4
Anne Shirley (or Anne of Green Gables)

Ken
    $1600 24
Marat

Ken
    $1600 9
Quayle's whales

Josh
    $2000 30
Lucrezia Borgia

Ken
    $2000 20
Ry Cooder

Ken
    $5,000 15
Alexander Portnoy

Ken
    $2000 5
(Ken: What's a double bass?)

double bassoon (or contrabassoon)

Ken
Triple Stumper
    $2000 25
Pancho Villa

José
    $2000 10
Schyuler's filers

Ken

Scores at the end of the Double Jeopardy! Round:

Ken Josh José
$34,600 $7,000 $4,600
(lock game)

[wagering suggestions for these scores]

Final Jeopardy! Round responses

FAMOUS PAIRS
JoséWho are Shields & Yarnell
$4,500
JoshWho are Woodward & Bernstein?
$2,200
KenWho are Penn & Teller?
$5,400
Penn & Teller

Final scores:

Ken Josh José
$40,000 $4,800 $100
58-day champion: $1,976,300 2nd place: $2,000 3rd place: $1,000

Game dynamics:

Coryat scores:

Ken Josh José
$29,400 $5,200 $4,600
36 R
(including 2 DDs),
4 W
12 R
(including 1 DD),
4 W
6 R,
2 W

Combined Coryat: $39,200

The J! Archive is created by fans, for fans. The Jeopardy! game show and all elements thereof, including but not limited to copyright and trademark thereto, are the property of Jeopardy Productions, Inc. and are protected under law. This website is not affiliated with, sponsored by, or operated by Jeopardy Productions, Inc. Join the discussion at JBoard.tv.